Environmental pollution
| Main Author: | |
|---|---|
| Format: | Book |
| Published: |
New Delhi :
Ashish Pub. ,
1995
|
| Subjects: |
MARC
| LEADER | 00000cam a2200000 7i4500 | ||
|---|---|---|---|
| 001 | 0000001155 | ||
| 005 | 20140113.0 | ||
| 020 | 0 | 0 | |a 817024210X |
| 090 | 0 | 0 | |a 363.73 |b SRI 1995 |
| 100 | 1 | 0 | |a SRIVASTAVA |h Yogendra N. |
| 245 | 1 | 0 | |a Environmental pollution |c Yogendra N. Srivastava |
| 260 | 0 | 0 | |a New Delhi : |b Ashish Pub. , |c 1995 |
| 300 | |a 84 p.23 ; |c cm. | ||
| 500 | 0 | 0 | |a Includes index |
| 650 | 0 | 0 | |a Pollution |x Environmental aspects |
| 998 | |a JPSM | ||
| 999 | |a 0000002096 |b Monograph |c Open Shelf |e Default branch | ||